LEADER 01745nam2 22003373i 450 001 BVEE047324 005 20170908093225.0 012 $ariit usi- o-ui **di (3) 1622 (R)$2fei$9vol.4. - Lettere aramaiche 100 $a20150626d1622 ||||0itac50 ba 101 | $alat 102 $afr 181 1$6z01$ai $bxxxe 182 1$6z01$an 200 1 $a˜\4!: œCommentaria in Danielem prophetam. Auctore R.P. Cornelio Cornelii a Lapide, Societatis Iesu, ... 210 $aLugduni$csumptibus Antonii Pillehotte, sub signo SS. Trinitatis$d1622 215 $a6, \2!, 120, \16! p.$c1 ritr. calcogr 300 $aSegn.: *⁴ A-I⁶ K⁴ L⁶ M⁴ 300 $aRitr. calcogr. del profeta Daniele a c. *4v. 316 $av. 4; legato con il resto dell'opera$5IT-NA0074, SM 6F 00247 461 1$1001BVEE047314$12001 $aCommentaria in quatuor prophetas maiores. Auctore R.P. Cornelio Cornelii a Lapide, e Societate Iesu, ... Cui accessit index rerum, & verborum memorabilium locupletissimum 620 $dLione$3RLZL001494 700 0$aCornelius : a Lapide$3CUBV047179$4070$0744177 790 1$aSteen$b, Cornelis Cornelissen : van den$3SBNV007246$zCornelius : a Lapide 790 1$aLapide$b, Cornelius : a$3SBNV007247$zCornelius : a Lapide 801 3$aIT$bIT-NA0079$c20150626 850 $aIT-NA0074 912 $aBVEE047324 950 2$aBiblioteca Provinciale Laurenziana$b1 esemplare (v. 1-4)$cv. 1-4$d 91SM 6F 00247$e 91ANT0000022385 B (0004 v. 4; legato con il resto dell'opera$fZ $h20150626$i20150626 977 $a 91 996 $aCommentaria in Danielem prophetam. Auctore R.P. Cornelio Cornelii a Lapide, Societatis Iesu, ..$91481827 997 $aUNISANNIO